Incentives and penalities (Record no. 31068)

MARC details
000 -LEADER
fixed length control field 00303nam a2200121Ia 4500
082 ## - DEWEY DECIMAL CLASSIFICATION NUMBER
Classification number 301.108.54
Item number PAR
100 ## - MAIN ENTRY--AUTHOR NAME
Personal name PARKINSON, Northcote C
245 #0 - TITLE STATEMENT
Title Incentives and penalities
260 ## - PUBLICATION, DISTRIBUTION, ETC. (IMPRINT)
Place of publication Bombay
Name of publisher Jaico
Year of publication 1978
650 ## - SUBJECT ADDED ENTRY--TOPICAL TERM
Topical Term Incentives
942 ## - ADDED ENTRY ELEMENTS (KOHA)
Koha item type Books
Holdings
Withdrawn status Lost status Damaged status Not for loan Collection code Home library Current library Date acquired Full call number Accession Number Koha item type
        Official use RRII Library RRII Library 16/12/2021 301.108.54 PAR 11623 Books